L'arte nazista : un'arte di propaganda /

Salvato in:
Dettagli Bibliografici
Autori principali: Guyot, Adelin (Autore), Restellini, Patrick (Autore)
Altri autori: Bianchi, Marina (traduttrice) (Traduttore), Poliakov, Léon (Autore dell'introduzione etc.)
Natura: Libro
Lingua:italiano
Pubblicazione: Milano : Mondadori, 1992
Serie:Oscar saggi ; 294
Soggetti:
Tags: Aggiungi Tag
Nessun Tag, puoi essere il primo ad aggiungerne!!

MARC

LEADER 00000nam a2200000 i 4500
001 IT\ICCU\TO0\0106430
003 ItRI
005 20260115231847.0
008 930513s1992 it |||||| ||||| |||||c
015 |2 IT  |a 93-7360 
020 |a 8804361425 
040 |b ita  |c importazione bologna sebina 
041 7 |a ita  |2 ISO-639-2 
082 |a 709.43  |9 BELLE ARTI E ARTI DECORATIVE. EUROPA CENTRALE  |2 19 
100 1 |a Guyot, Adelin  |0 IT\ICCU\LO1V\088538  |4 aut 
240 1 2 |a L'art nazi.  |3 IT\ICCU\LO1\0251539  |9 Guyot, Adelin 
245 1 2 |a L'arte nazista :  |b un'arte di propaganda /  |c Adelin Guyot, Patrick Restellini ; prefazione di Leon Poliakov ; traduzione di Marina Bianchi. 
260 |a Milano :  |b Mondadori,  |c 1992 
300 |a 260 p. :  |b ill. ;  |c 19 cm. 
650 7 |a Arte e politica  |x Germania  |x 1933-1945  |2 scbi 
650 7 |a Arte tedesca  |x 1933-1945  |2 scbi 
700 1 |a Bianchi, Marina  |c  (traduttrice)  |0 IT\ICCU\CFIV\046229  |4 trl 
700 1 |a Poliakov, Léon  |0 IT\ICCU\CFIV\097368  |4 aui 
700 1 |a Restellini, Patrick  |0 IT\ICCU\CFIV\010221  |4 aut 
830 0 |a Oscar saggi ;  |v 294  |0 IT\ICCU\CFI\0000434 
942 |2 ddc  |c BK  |n 0 
952 |0 0  |1 0  |4 0  |6 DOC_709_430000000000000_GUY  |7 0  |9 14470  |a BO  |b BO  |d 2026-01-15  |i 2912  |l 0  |o DOC 709.43 GUY  |p BO2912  |r 2026-01-15 23:18:47  |w 2026-01-15  |x [Sebina 5] [1 v.]  |y BK  |z 1 v. 
952 |0 0  |1 0  |4 0  |6 DOC_709_430000000000000_GUY  |7 0  |9 14471  |a BO  |b BO  |d 2026-01-15  |i 9764  |l 0  |o DOC 709.43 GUY  |p BO9764  |r 2026-01-15 23:18:47  |w 2026-01-15  |x [Sebina 5] [1 v.]  |y BK  |z 1 v. 
999 |c 12484  |d 12484